jQuery : Kuchařka programátora
Gespeichert in:
| Format: | Buch |
|---|---|
| Sprache: | Tschechisch |
| Veröffentlicht: |
Brno :
Computer Press,
2010
|
| Ausgabe: | 1. vyd. |
| Schlagworte: | |
| Tags: |
Keine Tags, Fügen Sie das erste Tag hinzu!
|
MARC
| LEADER | 00000nam a22000003a 4500 | ||
|---|---|---|---|
| 001 | stu239986 | ||
| 005 | 20240826142854.0 | ||
| 008 | 111208s2010----xr------------------cze-d | ||
| 020 | |a 978-80-251-3152-7 | ||
| 040 | |a STU |b slo | ||
| 041 | 0 | |a cze | |
| 044 | |a xr | ||
| 080 | |a 681.35 | ||
| 245 | |a jQuery : |b Kuchařka programátora | ||
| 250 | |a 1. vyd. | ||
| 260 | |a Brno : |b Computer Press, |c 2010 | ||
| 300 | |a 436 s. | ||
| 650 | 7 | |a jQuery |2 stusub | |
| 996 | |b 284EK90772 |c E* 90772 |l EE01 |s A |a 24 |w stu239986_0002 | ||